Học tập phong cách ngôn ngữ chủ tịch Hồ Chí Minh /

Spremljeno u:
Bibliografski detalji
Glavni autor: Hoàng Văn Hành
Daljnji autori: Hoàng Tuệ, Nguyễn Kim Thản
Format: Sách giấy
Jezik:Vietnamese
Izdano: Hà Nội : Khoa học Xã hội , 1980
Oznake: Dodaj oznaku
Bez oznaka, Budi prvi tko označuje ovaj zapis!
Thư viện lưu trữ: Thư viện Trường Đại học Đà Lạt
LEADER 00736nam a2200277 4500
001 DLU020011954
005 ##5/19/2000
020 # # |a 978- 
041 # # |a vie 
082 # # |a 495.922 014  |b Hoc 
090 # # |a 495.922 014  |b Hoc 
100 # # |a Hoàng Văn Hành 
245 # # |a Học tập phong cách ngôn ngữ chủ tịch Hồ Chí Minh /  |c Hành Hoàng Văn, Tuệ Hoàng, .. Nguyễn Kim Thản 
260 # # |a Hà Nội :  |b Khoa học Xã hội ,  |c 1980 
300 # # |a 219 tr.;   |c 20 cm. 
700 # # |a Hoàng Tuệ 
700 # # |a Nguyễn Kim Thản 
992 # # |a 743 
994 # # |a DLU 
900 # # |a False 
911 # # |a Administrator 
925 # # |a G 
926 # # |a A 
927 # # |a SH 
980 # # |a Thư viện Trường Đại học Đà Lạt